| 000 | 00507nam a22002177a 4500 | ||
|---|---|---|---|
| 005 | 20250219140911.0 | ||
| 008 | 220328b2002 xxu||||| |||| 00| 0 spa d | ||
| 020 | _a9968311812 | ||
| 041 | _aESP | ||
| 082 | _aR 467.972.86 F386m | ||
| 100 | _aFerrero, Luis | ||
| 245 | _aMil y tantos tiquismos | ||
| 260 | _aCosta Rica | ||
| 260 | _bEUNED | ||
| 260 | _c2002 | ||
| 300 | _a288 páginas | ||
| 650 | _aCOSTUMBRES | ||
| 650 | _aCOSTARRIQUEÑISMOS | ||
| 650 | _aLENGUAJE POPULAR | ||
| 942 |
_cREF _2ddc |
||
| 999 |
_c13292 _d13292 |
||